书目信息 |
| 题名: |
影视化妆技巧
|
|
| 作者: | 王希钟 | |
| 分册: | ||
| 出版信息: | 北京 北京广播学院出版社 2002 |
|
| 页数: | 269 | |
| 开本: | 20cm | |
| 丛书名: | ||
| 单 册: | ||
| 中图分类: | J917 | |
| 科图分类: | ||
| 主题词: | 电影--技术 , 电视--艺术--技术 | |
| 电子资源: | ||
| ISBN: | 7-81004-906-2 | |
| 000 | 00555nam0 2200205 450 | |
| 001 | 0739037328 | |
| 005 | 20070817105037.32 | |
| 010 | @a7-81004-906-2@d¥20.00 | |
| 100 | @a20070817d km y0chiy0120 ea | |
| 101 | 0 | @achi |
| 200 | 1 | @a影视化妆技巧@Aying shi hua zhuang ji qiao@f王希钟@Fwang xi zhong |
| 205 | @a2版 | |
| 210 | @a北京@c北京广播学院出版社@d2002 | |
| 215 | @a269@d20cm | |
| 606 | 0 | @a电影@x技术 |
| 606 | 0 | @a电视@x艺术@x技术 |
| 690 | @aJ917@v3 | |
| 701 | 0 | @a王希钟@Awang xi zhong |
| 801 | 0 | @aCN@bPFT@c20070817 |
| 905 | @a213230@dJ917@eM35 | |
| 影视化妆技巧/王希钟.-2版.-北京:北京广播学院出版社,2002 |
| 269;20cm |
| ISBN 7-81004-906-2:¥20.00 |
| ● |
| 相关链接 |
|
|
|
|
正题名:影视化妆技巧
索取号:J917/M35
 
预约/预借
| 序号 | 登录号 | 条形码 | 馆藏地/架位号 | 状态 | 备注 |
| 1 | 6400645 | 264006453 | 密集书库-美术系/ [索取号:J917/M35] | 在馆 |